000 00306nam a2200145Ia 4500
100 _aCaunaitz/William J.
650 _aGeneral
942 _cBK
654 _aPolice Plaza
245 _aOne Police Plaza
260 _bBantam Books
_aNew York
_c1984
082 _a813
300 _a371
546 _aENGLISH
999 _c30415
_d30415